000 01044nam a22003497a 4500
001 BR7804630
003 BR-BrBNA
005 20230928085656.0
007 ta
008 230509b bl.||||| |||| 00| 0 por d
040 _aBR-BrBNA
_bpor
_cBiblioteca Nacional de Agricultura
041 _a(Por)
072 _aE10; F25; E70
_b3801
_b/G514
090 _ 3801 BR7804630
110 1 _aInstituto de Pesquisas Tecnologicas, Sao Paulo, SP (Brasil)
_96224
245 1 _aCEFER: O desenvolvimento tecnologico voltado para a industria de fertilizantes [Centro de Estudos de Fertilizantes; Brasil]
260 3 _aSao Paulo, SP (Brasil):
_c[nd].
300 _a10 p.
500 _a11 illus.; Published 1978?
650 _aMicroeconomia
650 _aFertilizante
650 _aComercializacao
650 _aProducao
650 _aIndustrializacao
650 _aConsumo
650 _aDemanda
650 _aImportacao
650 _aRecurso humano
650 _aAssistencia tecnica
909 _a202309
_bLucia
_c55
_dLucia Elande
942 _cBK
999 _c25716
_d25716